000 00987nam a2200241 i 4500
001 162961
003 ES-MaACL
005 20240228213524.0
008 990701s1873 fr |||| | fre d
040 _aGA
_bspa
_cCCPB | 3D
100 1 _aRanke, Leopold von.
_995425
245 1 2 _aL'Espagne sous Charles-Quint, Philippe II & Philippe III ou Les osmanlis et la Monarchie espagnole pendant les XVIe et XVIIe siècles /
_cpar Léopold Ranke ; traduit de l'allemand et augmenté de notes par J.-B. Haiber.
250 _a2ème. éd.
260 _aParis :
_bBray et Retaux,
_c1873 (
_eAbbeville :
_fImprimerie Briez, C. Paillart et Retaux)
300 _aVIII, 468 p. ;
_c18 cm.
596 _aMarca de ed. en port.
651 4 _aEspaña-
_xHistoria-
_y1516-1700, Casa de Austria
_98228
700 1 _aHaiber, J.-B.
_9127761
740 0 0 _aLes Osmanlis et la Monarchie espagnole.
852 _aES-MaACL
_jG-599
_z-- Enc. hol.
999 _c162961
_d162961